000 00480cam a22001691 4500
040 _cOKentU
082 _a551 SCR 1954 A063 Or.
100 1 _aSmith, F. G. Walton
245 1 4 _aThe sun, the sea, and tomorrow;
_bpotential sources of food, energy, and minerals from the sea
260 _aNew York,
_bScribner,
_c1954.
300 _a210 p.
_billus.
_c22 cm.
650 0 _aOcean.
650 0 _aNatural resources.
650 0 _aFisheries.
700 1 _aChapin, Henry,
942 _cEK
999 _c15238
_d15238